Mexico City (MEX) Airport Destinations - Statistics

General Stats
  • This quiz has been taken 688 times
    640 since last reset
  • The average score is 61 of 114
Answer Stats
Hint Answer % Correct
Aeromexico, Alaska Air, American, Delta, Interjet, United, Volaris Los Angeles
90%
Aeromexico, Air France Paris-Charles de Gaulle
89%
Aeromexico, Aeromexico Connect, Interjet, Magnicharter, VivaAerobus, Volaris Cancun
88%
Aeromexico Connect, American, Interjet Dallas/Fort Worth
88%
Southwest Houston-Hobby
88%
Aeromexico, Aeromexico Connect, Interjet, United, United Express, Volaris Houston-Intercontinental
88%
Aeromexico, British Airways London-Heathrow
88%
Aeromexico, Iberia Madrid
88%
Aeromexico, Delta, Interjet, Volaris New York-JFK
88%
Aeromexico, Alaska Air, United, Volaris San Francisco
88%
Aeromexico, Aeromexico Connect, American, Interjet, Volaris Miami
87%
Aeromexico, Avianca, Interjet, Wingo Bogota
86%
Aeromexico, Avianca Peru, LATAM Peru Lima
85%
Aeromexico, Avianca Costa Rica, Interjet, Volaris Costa Rica San Jose de Costa Rica
85%
Aeromexico, Aeromexico Connect, Interjet, Magnicharter, VivaAerobus, Volaris San Jose del Cabo
85%
Aeromexico, LATAM Chile Santiago de Chile
85%
Aeromexico, Air Canada Rouge Toronto-Pearson
84%
Aeromexico, American, Interjet, United, Volaris Chicago-O'hare
82%
Aeromexico Seattle/Tacoma
82%
Aeromexico, American, Interjet, JetBlue, Volaris Buenos Aires
81%
Aeromexico, LATAM Brasil Sao Paulo
81%
Aeromexico, Air Canada Rouge, Interjet, WestJet Vancouver
81%
Delta Atlanta
80%
Aeromar, Aeromexico, Aeromexico Connect, Interjet, VivaAerobus, Volaris Guadalajara
80%
Aeromexico, Cubana, Interjet Havana
80%
Aeromexico, All Nippon Airways Tokyo-Narita
80%
Aeromexico, Aeromexico Connect, Interjet, VivaAerobus, Volaris Monterrey
79%
Aeromexico, KLM Amsterdam
78%
Lufthansa Frankfurt
78%
Alaska Air San Diego
77%
Hainan Airlines Beijing
76%
Aeromexico Boston
76%
Aeromexico, United, Volaris Denver
76%
Aeromexico, Air Canada Rouge, Interjet Montreal
76%
Aeromexico, Aeromexico Connect, Interjet, VivaAerobus, Volaris Tijuana
76%
Aeromexico, JetBlue, Volaris Orlando
74%
Interjet Orlando/Sanford
74%
Aeromexico, Copa Air Panama City
74%
American Phoenix
74%
Alitalia Rome
74%
Aeromexico, United Washington-Dulles
73%
Aeromexico Connect, Avianca El Salvador San Salvador
70%
Aeromexico, Interjet, VivaAerobus, Volaris Las Vegas
69%
Aeromexico Connect Austin
68%
Aeromexico Connect, Interjet, Volaris Guatemala City
68%
Aeromexico Quito
68%
Lufthansa Munich
67%
Aeromexico Connect, Interjet San Antonio
67%
Aeromar, Aeromexico, Aeromexico Connect, Interjet, Volaris Acapulco
65%
Aeromexico Portland (OR)
65%
Aeromexico Shanghai-Pudong
64%
Aeromexico, Delta Detroit
63%
Aeromexico Connect, Interjet, Volaris La Paz
63%
Aeromexico, Aeromexico Connect, Interjet, Magnicharter, VivaAerobus, Volaris Merida
61%
Aeromexico Medellin
59%
Aeromexico Connect Santo Domingo
59%
Aeromexico Seoul-Incheon
58%
Aeromexico, Aeromexico Connect, Interjet, Magnicharter, VivaAerobus, Volaris Puerto Vallarta
56%
Aeromexico Connect Managua
53%
WestJet Calgary
52%
American Charlotte
52%
Aeromar, Aeromexico, Aeromexico Connection, Interjet, Volaris Oaxaca
52%
Aeromexico, Delta Salt Lake City
52%
Aeromar, Aeromexico Connect, Interjet, Magnicharter, Volaris, Aeromexico, Aeromexico Connect, Interjet, Volaris Veracruz
52%
Aeromexico, Aeromexico Connect, Interjet, VivaAerobus, Volaris Chihuahua
51%
United Newark
51%
Aeromexico, Aeromexico Connect, Interjet Leon/El Bajio
46%
Aeromexico, Aeromexico Connect, Interjet Aguascalientes
45%
Aeromexico, Aeromexico Connect, Interjet, VivaAerobus, Volaris Mazatlan
44%
Aeromexico Sacramento
44%
China Southern Guangzhou
43%
Aeromexico, Aeromexico Connect, Interjet, VivaAerobus Ciudad Juárez
42%
Aeromexico, Aeromexico Connect, Volaris Mexicali
42%
Aeromexico, Aeromexico Connect, Interjet, Volaris Hermosillo
41%
Aeromexico Connect, Interjet Cozumel
38%
Aeromexico, Aeromexico Connect, Interjet, Volaris Culiacan
37%
Aeromexico Connect, Volaris Durango
37%
Aeromar, Aeromexico Connect, Interjet San Luis Potosí
37%
Volaris Oakland
34%
JetBlue Fort Lauderdale
33%
Aeromexico Connect Querétaro
33%
Aeromexico Connect, Interjet Tampico
33%
Aeromexico, Aeromexico Connect, Interjet, VivaAerobus, Volaris Torreón/Gómez Palacio
33%
Aeromexico Connect San Pedro Sula
32%
Aeromar, Aeromexico, Aeromexico Connect Morelia
31%
Aeromar, Aeromexico, Aeromexico Connect, Interjet, VivaAerobus, Volaris Tuxtla Gutierrez
31%
Aeromexico Connect Zacatecas
31%
Aeromexico Connect, Interjet Campeche
29%
Aeromexico Fresno
29%
Aeromar, Aeromexico, Aeromexico Connect, Interjet, VivaAerobus, Volaris Villahermosa
27%
Interjet, VivaAerobus, Volaris Chetumal
26%
Aeromar, Aeromexico Connect Colima
26%
Aeromar, Aeromexico Connect, Interjet, Magnicharter, VivaAerobus, Volaris Ixtapa/Zihuatanejo
26%
Aeromexico Connect Saltillo
26%
Aeromar Ciudad Victoria
24%
Aeromexico, Aeromexico Connect, Interjet, VivaAerobus, Volaris Reynosa
24%
Aeromar Tepic
24%
Aeromar, Aeromexico Connect Manzanillo
22%
Aeromexico Connect Nuevo Laredo
22%
Aeromar, Interjet, VivaAerobus Puerto Escondido
22%
Aeromexico Connect, Volaris Los Mochis
20%
Aeromar Xalapa
20%
Aeromexico Connect, Interjet Ciudad Obregón
19%
Aeromar, Aeromexico, Aeromexico Connect, Interjet, Magnicharter, VivaAerobus, Volaris Huatulco
19%
Aeromar, Aeromexico, Aeromexico Connect McAllen
17%
Aeromexico, Aeromexico Connect, Volaris Tapachula
15%
Interjet Varadero
14%
Aeromexico Connect, Interjet Minatitlán/Coatzacoalcos
13%
Aeromar Poza Rica
9%
Aeromexico, Aeromexico Connect, Interjet Ciudad de Carmen
8%
Interjet Santa Clara
8%
Aeromar Monclova
7%
Aeromar Piedras Negras
7%
Aeromar Lázaro Cárdenas
5%
No matching quizzes found
Score Distribution
Percent of People with Each Score
Percentile by Number Answered
Your Score History
You have not taken this quiz since the last reset